000 00337nam a2200157Ia 4500
003 0STCL
008 150530s9999 xx 000 0 und d
040 _aSTCL
_cSTCL
100 _aBeal; Krog; Ed
245 _aThought in prose
260 _c1959
546 _aEnglish
942 _2ddc
_cBK
999 _c68428
_d68428
005 20220125171400.0